000 00765nam a2200205 a 4500
001 BRCA_913
005 20190320203214.0
008 110408s1993----fi-a---###---#000-0#eng-#
020 _a9529044593
050 4 _aNK5157
_b.N98 1993
245 1 0 _aNuutajñvi
_b200 Vuotta Suomalaista Lasia = 200 Years of Finnish Glass.
260 _aHelsinki
_bHackman : The Finnish Glass Museum
_c1993
300 _a119 p.
_bil. (algunas a color), fotografías
_c30 cm.
546 _aTexto en : finés e inglés
610 2 4 _aHackman Group
_xFábricas de vidrio
_zFinlandia
_93031
650 1 4 _aVidrio
_xDiseñadores
_y1940 al 1970
_zFinlandia
_93032
651 4 _aNuutajñvi, Finlandia
_xProducción de vidrio
_ySiglos XVIII a XX
_93033
740 0 _aYears of Finnish Glass
942 _2lcc
_cB
999 _c806
_d806